00587nam a22001577a 450000500170000000800410001702000150005802200130007304100130008608200140009910000120011324501890012526000630031430000280037765000240040520231113110514.0231113b |||||||| |||| 00| 0 eng d a9991663576 a10268405 aEnglish  a346.1 REP lEnglish aReport on Uniform Default Matrimonial Property Consequences of Common Law Marriages : bRepeal of Selection 17 (6) of native Administration Proclamation, 1928 (Proclamation 15 of 1928  aWindhoek : bLaw Reform and Development Commission, c2003 bv, 9 pages ; c30,5 cm. aLegal practicebLaw